| 000 | 01297nam a22002297a 4500 | ||
|---|---|---|---|
| 999 |
_c33406 _d33406 |
||
| 003 | OSt | ||
| 005 | 20221212202508.0 | ||
| 008 | 140214b2022 slv spa | ||
| 040 | _cBMC | ||
| 082 | _a618.3 | ||
| 100 | 1 |
_aMendoza Hernández, Kevin Josue _946657 |
|
| 245 | 1 | 0 |
_a Aplicación del plan nacional para la detección temprana, el abordaje y seguimiento integral de las embarazadas con infecciones vaginales, infecciones de vías urinarias que consultaron en la UCSFI Acajutla en el año 2020; a desarrollarse en el período comprendido de 01 de enero al 31 de diciembre del 2021, en Santa Ana _b: investigación, informe final _cKevin Josue Mendoza Hernández, Veronica Natali Perez Lino, Luis Alberto Serna Molina |
| 260 |
_aSanta Ana (El Salvador) _bUniversidad Católica de El Salvador _c2021 |
||
| 300 |
_a62+[7] h. _c28 cm _e+ 1 disco compacto |
||
| 500 | _aPrecede al tít.: Universidad Católica de El Salvador, Facultad de Ciencias de la Salud | ||
| 502 | _aPara optar al grado académico de: Doctorado en Medicina | ||
| 650 | 2 | 4 |
_924143 _aEmbarazo _xComplicaciones |
| 700 | 1 |
_aPerez Lino, Veronica Natali _946658 |
|
| 700 | 1 |
_aSerna Molina, Luis Alberto _946659 |
|
| 710 | 2 |
_933484 _aUniversidad Católica de El Salvador _bFacultad de Ciencias de la Salud |
|
| 942 |
_2ddc _cTG |
||